Encyclopaedia of Indian events and dates/ (Record no. 165884)

000 -LEADER
fixed length control field 00451nam a22001691a 4500
082 ## - DEWEY DECIMAL CLASSIFICATION NUMBER
Classification number 954.003
Item number SBB/E
100 ## - MAIN ENTRY--PERSONAL NAME
Personal name S B Bhattacherjee
245 ## - TITLE STATEMENT
Title Encyclopaedia of Indian events and dates/
Statement of responsibility, etc. by S B Bhattacherjee.
250 ## - EDITION STATEMENT
Edition statement 4th rev.ed.
260 ## - PUBLICATION, DISTRIBUTION, ETC.
Place of publication, distribution, etc. New Delhi:
Name of publisher, distributor, etc. Sterling,
Date of publication, distribution, etc. 1999.
300 ## - PHYSICAL DESCRIPTION
Extent 125p.
650 ## - SUBJECT ADDED ENTRY--TOPICAL TERM
Topical term or geographic name entry element Development India
650 ## - SUBJECT ADDED ENTRY--TOPICAL TERM
Topical term or geographic name entry element Encyclopaedia Indian Events
650 ## - SUBJECT ADDED ENTRY--TOPICAL TERM
Topical term or geographic name entry element History India
650 ## - SUBJECT ADDED ENTRY--TOPICAL TERM
Topical term or geographic name entry element History
942 ## - ADDED ENTRY ELEMENTS (KOHA)
Koha item type Reference
Holdings
Withdrawn status Lost status Damaged status Not for loan Permanent Location Current Location Shelving location Date acquired Cost, normal purchase price Total Checkouts Full call number Barcode Date last seen Price effective from Koha item type
        RC Thiruvananthapuram RC Thiruvananthapuram   07.11.2018 500.00   954.003 SBB/E TV002564 07.11.2018 07.11.2018 Reference